000 00398cam a2200157ua 4500
041 _aeng
_h
082 _a823.308
_bMUL/JO
100 _aMulock, Dinah Maria .
245 _aJoan Halifax, gentleman /
_cDinah Maria Mulock.
_hTextual Documents
250 _a1 /
_b.
260 _aLondon :
_bJ M Dent and Sons Ltd ,
_c1950.
300 _a393 ; .
504 _a
942 _cBK
999 _c8308
_d8308